Представление документа в формате MARC21

Поле Инд. ПП Название Значение
Тип записи a
Библиографический уровень b
001 Контрольный номер RU/IS/BASE/265828780
005 Дата корректировки 20200601191426.6
008 Кодируемые данные 20080603
040 b Код языка каталог. rus
e Правила каталог. PSBO
041 0_ a Код языка текста rus
084 a Индекс другой классификации/Индекс ББК 60.564.04
100 1_ a Автор Черняева Т. И.
q Полное имя Черняева Татьяна Ивановна
100 1_ a Автор Шаркова Г. Н.
q Полное имя Шаркова Галина Николаевна
245 10 a Заглавие Туризм: производство мест или производство неравенств
504 a Библиография Библиогр. ссылки
520 a Аннотация Авторы ставят задачу - дифференцировать разнообразные виды мобильности на пространственно-временной основе
650 a Основная рубрика социология
a Основная рубрика социология туризма
653 1_ a Ключевые слова мобильность населения
a Ключевые слова пространственная мобильность
a Ключевые слова социальная стратификация
a Ключевые слова социальный туризм
a Ключевые слова туризм
a Ключевые слова туристы
773 08 t Заглавие источника Вестник Московского университета. Серия 18, Социология и политология
d Дата издания источника 2007
g Прочая информация № 4. - С. 34 - 46 : диагр., табл.
w Контрольный № источника RU/IS/BASE/261756947
901 t Тип документа b